Movies Quiz

Random Movies or Actress Quiz

What Movie? Back to the Camera VII Quiz Stats

 Plays Quiz Updated Oct 2, 2016

Score 0/25 Timer 08:00
14 Plays Today
% Correct
The Matrix
92.1%
Brokeback Mountain
88.9%
Troy
83%
Breakfast at Tiffany's
81.4%
The Hunger Games
81.2%
The Lord of the Rings: The Return of the King
78.9%
Edward Scissorhands
62%
12 Years a Slave
58.9%
Shutter Island
55.5%
Transformers
50.9%
Shaun of the Dead
50.4%
Enchanted
49.6%
The Book of Eli
49.6%
% Correct
Memento
44.3%
Drive
33%
Hocus Pocus
31.7%
This Is the End
28%
Jerry Maguire
24.1%
The Usual Suspects
24.1%
Moon
23.7%
Punch-Drunk Love
15.6%
The Count of Monte Cristo
13%
Grosse Pointe Blank
13%
American Beauty
9.2%
25th Hour
5.9%

You're not logged in!

Compare scores with friends on all Sporcle quizzes.
OR
Log In

Show Comments

Extras

Top Quizzes Today


Score Distribution

Your Account Isn't Verified!

In order to create a playlist on Sporcle, you need to verify the email address you used during registration. Go to your Sporcle Settings to finish the process.

Report this User

Report this user for behavior that violates our Community Guidelines.

Details: